Záhradné ploty
Salvato in:
| Autore principale: | |
|---|---|
| Natura: | Libro |
| Lingua: | slovacco |
| Pubblicazione: |
Bratislava :
Slovart,
2005
|
| Edizione: | 1.vyd. |
| Tags: |
Nessun Tag, puoi essere il primo ad aggiungerne!!
|
MARC
| LEADER | 00000nam a22000003a 4500 | ||
|---|---|---|---|
| 001 | stu154413 | ||
| 005 | 20150617225946.1 | ||
| 008 | 080102s2005----xo------------------slo-d | ||
| 020 | |a 80-8085-019-4 | ||
| 040 | |a STU |b slo | ||
| 041 | 0 | |a slo | |
| 044 | |a xo | ||
| 100 | 1 | |a Buckland, Toby |4 aut | |
| 245 | 1 | |a Záhradné ploty | |
| 250 | |a 1.vyd. | ||
| 260 | |a Bratislava : |b Slovart, |c 2005 | ||
| 300 | |a 125 s.;obr | ||
| 500 | |a prel. z angl.orig. | ||
| 996 | |b 284V030361 |c V*49557/O-21926 |l VVT |s A |a 24 |w stu154413_0001 | ||